01056cam a22002891 4500001001300000003000400013005001700017008004100034010001700075035001900092040002400111042001200135043003000147050001400177082001100191100002300202245019000225260004400415300002300459490003600482504003100518650004600549700005000595710003800645810006600683999001700749pa 61000013 DLC20260227111855.0750711s1960 xx 000 0 eng  apa 61000013  a(OCoLC)1444729 aDLCcFUdOCoLCdDLC apremarc an------as------acl-----00aZ517b.J4 a655.481 aJennison, Peter S.10aBooks in the Americas:ba study of the principal barriers to the booktrade in the Americas.cPrepared for the American Book Publishers Council by Peter S. Jennison and William H. Kurth. aWashington,bPan American Union,c1960. axii, 165 p.c28cm.1 aEstudios bibliotecarios,vno. 2 aBibliography: p. 159-163. 0aBook industries and tradezLatin America.1 aKurth, William H.,d1917-1977,ejoint author.2 aAmerican Book Publishers Council.2 aColumbus Memorial Library.tEstudios bibliotecarios ;vno. 2. c51453d51453